=LDR 00000nam 2200000 4500 =001 INLIS000000000044363 =005 20131008105735 =008 ***********************************IND** =035 ##$$0010-101300000002285 =041 ##$$a IND =082 ##$$a 181.16 =090 ##$$a 181.16, Sal f =100 ##$$a Salam, Burhuniddin =245 ##$$a Filsafat pancasilaisme, Drs. Burhanuddin =260 ##$$a 1988 $b Jakarta =300 ##$$a 242 hln, 21 cm =650 ##$$a Filsafat =850 ##$$a NBPNMAT